International accounting standards nos. 1-13 : the full texts of all International accounting standards extant at 1 March 1981.

Saved in:
Bibliographic Details
Corporate Author: International Accounting Standards Committee
Format: Book
Language:English
Published: London : Institute of Chartered Accountants in England and Wales, 1981.
Subjects:
LEADER 01046nam a2200241 a 4500
001 c000383470
003 CARM
005 00000000000000.0
008 s1981 enk 00000 eng d
019 1 |a 2297077  |5 LACONCORD2021 
020 |a 0852912927 
035 |a (OCoLC)9317284  |5 LACONCORD2021 
040 |a VDU  |c VDU 
082 0 4 |a 657.0218  |2 19 
110 2 |a International Accounting Standards Committee. 
245 1 0 |a International accounting standards nos. 1-13 :  |b the full texts of all International accounting standards extant at 1 March 1981. 
260 |a London :  |b Institute of Chartered Accountants in England and Wales,  |c 1981. 
300 |a 154 p. 
500 |a Standards promulgated and originally published by the International Accounting Standards Committee. 
650 0 |a Accounting  |x Standards. 
852 8 |b CARM  |h A3:AB17G0  |i B11674  |p 0475753  |f BK 
999 f f |i 018216d9-b50b-5a71-ad89-30512909fc25  |s 59eb1759-bd08-5cbb-a5fd-95fd920b85c4 
952 f f |p Can circulate  |a CAVAL  |b CAVAL  |c CAVAL  |d CARM 1 Store  |e B11674  |f A3:AB17G0  |h Other scheme  |i book  |m 0475753